Systém transportu vonkajších zväzkov izochrónného cyklotrónu DC-72 =Sistema transportirovki vnejšich pučkov izochronnogo ciklotrona DC-72 CCSR

Enregistré dans:
Détails bibliographiques
Auteur principal: Hudák, Marek, 1974- (Auteur)
Autres auteurs: Nečas, Vladimír, 1954- (Directeur de thèse), Meľnikov, Viktor Nikolajevič (Directeur de thèse)
Format: Manuscrit Livre
Langue:russe
Publié: Bratislava : STU v Bratislave FEI, 1999
Sujets:
Tags: Ajouter un tag
Pas de tags, Soyez le premier à ajouter un tag!

MARC

LEADER 00000ntm a22000003a 4500
001 stu52393
005 20160719164908.4
008 000302s1999----xo------------------rus-d
040 |a STU  |b slo 
041 0 |a rus 
044 |a xo 
100 1 |a Hudák, Marek,  |d 1974-  |4 aut  |X 4474  |7 A000004474 
245 1 |a Systém transportu vonkajších zväzkov izochrónného cyklotrónu DC-72 =Sistema transportirovki vnejšich pučkov izochronnogo ciklotrona DC-72 CCSR 
260 |a Bratislava :  |b STU v Bratislave FEI,  |c 1999 
300 |a 72 s 
650 7 |a Elektroenergetické a silnoprúdové inžinierstvo  |2 stusub 
700 1 |a Nečas, Vladimír,  |d 1954-  |4 ths  |u E060  |U FEI Fakulta elektrotechniky a informatiky  |T FEI Ústav jadrového a fyzikálneho inžinierstva  |X 1934  |U E060  |Y 817  |7 A000001934 
700 1 |a Meľnikov, Viktor Nikolajevič  |4 ths